| 000 | 00529nam a2200193 a 4500 | ||
|---|---|---|---|
| 001 | 000022115 | ||
| 005 | 20200930011605.0 | ||
| 008 | 100916s1982 fr 000 0 fre d | ||
| 020 | _a217804595 | ||
| 040 |
_aDO-SdBNP _bfre _cBNPHU |
||
| 082 |
_a153.9 _bM149d |
||
| 100 | 1 |
_aMachado, Luis Alberto. _945815 |
|
| 245 | 1 | 0 |
_aLe droit a l´intelligence / _cLuis Alberto Machado. |
| 260 |
_aParis : _bEconomica, _c1982. |
||
| 300 |
_a79 p. ; _c20 cm. |
||
| 650 | 4 |
_aInteligencia _92917 |
|
| 650 | 4 |
_aAptitudes _945787 |
|
| 049 | _aBNGR | ||
| 999 |
_c21613 _d21613 |
||